000 00511nam a22001937a 4500
005 20260422082859.0
008 260422b |||||||| |||| 00| 0 eng d
020 _c400.00
040 _aMAIN
041 _aasm
082 _a330.09
_bAHM.
100 _aAhmed, Rofique
245 _aঅৰ্থনৈতিক ভাৱধাৰাৰ ইতিহাস
_cBy Rofique Ahmed
250 _a1st ed.
260 _aJorhat:
_bUnika Prakashan;
_c2026
300 _a371p.
650 _aEconomics
942 _2ddc
_cBK
999 _c16401
_d16401